1057 1799 1062 1080 1733 1573 1919 1877 1563 1789 1278 1650 1577 1649 1765 1609 1952 1884 1361 1629 1532 1796 1061 1241 1510 1379 1135 1836 1840 1416 1432 1427 1432 1398 1274 1887 1228 1256 1354 1914 1528 1653 1321 1376 1973 1765 1816 1788 1502 1040 1213 1581 1610 1731 1335 1829 1937 1526 1970 1417 1693 1346 1373 1757 1320 1650 1725 1975 1068 1298 1349 1266 1609 1543 1693 1521 1141 1895 1001 1389 1448 1856 1271 1506 1536 1744 1932 1170 1801 1118 1673 1879 1506 1330 1424 1830 1759 1043 1515 BCNSPRNW ULIB Ver.6.0+V

เปลี่ยนเป็นภาษาไทย

Change to English
 แสดงรายละเอียดบรรณานุกรม
  กลับหน้าหลัก

Brief Record : Get Marc (ISO 2709) : E-mail record : QR code < ปิดหน้าต่าง
LEADER : 00000nam 2200000uu 4500
001    13399124058
003     ULIB
008    150109s2556||||th 000 0 tha d
020    ^a9786162792199
060  4 ^aWB115^bต367
110 1  ^aมหาวิทยาลัยมหิดล. ^bคณะแพทยศาสตร์ศิริราชพยาบาล. ^bภาควิชาอายุรศาสตร์
245 00 ^aตำราอายุรศาสตร์ทั่วไป =^bGeneral internal medicine /^cนิธิพัฒน์ เจียรกุล,บรรณาธิการ
246 31 ^aGeneral internal medicine
250    ^aพิมพ์ครั้งที่ 1
260    ^aกรุงเทพฯ :^bภาควิชาอายุรศาสตร์ คณะแพทยศาสตร์ศิริราชพยาบาล มหาวิทยาลัยมหิดล,^c2556
300    ^a805 หน้า :^bภาพประกอบ ;^c30 ซม.
650  4 ^aอายุรศาสตร์
650  4 ^aโรค^xการรักษา^vรวมเรื่อง
653    ^aผลงานอาจารย์คณะแพทยศาสตร์ศิริราชพยาบาล
700 0  ^aนิธิพัฒน์ เจียรกุล,^eบรรณาธิการ
945    ^p500^l0^i037997
945    ^p500^l0^i037998
945    ^p500^l0^i037999
945    ^p500^l0^i038000
945    ^p500^l0^i038001
945    ^p500^l0^i038002
945    ^p500^l0^i038003
945    ^p500^l0^i038004
945    ^p500^l0^i038005
945    ^p500^l0^i038006
999    ^aเกษร โพธิ์สุวรรณ
รายการนี้ยังไม่มีแท็ก
คุณยังไม่ได้ล็อกอิน คุณสามารถมีกิจกรรมร่วมกับเว็บไซต์ได้ แต่ต้องล็อกอินก่อน ::
  ล็อกอิน

รายการสื่อสารสนเทศ

ลำดับที่ ประเภท เลขเรียก/บาร์โค้ด สถานที่ สถานะ
1. วิทยาศาสตร์การแพทย์ และสุขภาพ
หนังสือสำรอง
สถานะ=หนังสือสำรอง
WB115 ต367 ฉ.1 
  Barcode: 037997
ห้องสมุดวิทยาเขตสวรรค์ประชารักษ์
►ส่วนจัดเก็บหนังสือเก่า สปร
บนชั้น
  ขอยืม
2. วิทยาศาสตร์การแพทย์ และสุขภาพ
วิทยาศาสตร์การแพทย์ และสุขภาพ
WB115 ต367 ฉ.10 
  Barcode: 038006
ห้องสมุดวิทยาเขตสวรรค์ประชารักษ์
►ส่วนจัดเก็บหนังสือเก่า สปร
บนชั้น
  ขอยืม
3. วิทยาศาสตร์การแพทย์ และสุขภาพ
วิทยาศาสตร์การแพทย์ และสุขภาพ
WB115 ต367 ฉ.2 
  Barcode: 037998
ห้องสมุดวิทยาเขตสวรรค์ประชารักษ์
►ส่วนจัดเก็บหนังสือเก่า สปร
บนชั้น
  ขอยืม
4. วิทยาศาสตร์การแพทย์ และสุขภาพ
วิทยาศาสตร์การแพทย์ และสุขภาพ
WB115 ต367 ฉ.3 
  Barcode: 037999
ห้องสมุดวิทยาเขตสวรรค์ประชารักษ์
►ส่วนจัดเก็บหนังสือเก่า สปร
บนชั้น
  ขอยืม
5. วิทยาศาสตร์การแพทย์ และสุขภาพ
วิทยาศาสตร์การแพทย์ และสุขภาพ
WB115 ต367 ฉ.4 
  Barcode: 038000
ห้องสมุดวิทยาเขตสวรรค์ประชารักษ์
►ส่วนจัดเก็บหนังสือเก่า สปร
บนชั้น
  ขอยืม
6. วิทยาศาสตร์การแพทย์ และสุขภาพ
วิทยาศาสตร์การแพทย์ และสุขภาพ
WB115 ต367 ฉ.5 
  Barcode: 038001
ห้องสมุดวิทยาเขตสวรรค์ประชารักษ์
►ส่วนจัดเก็บหนังสือเก่า สปร
บนชั้น
  ขอยืม
7. วิทยาศาสตร์การแพทย์ และสุขภาพ
วิทยาศาสตร์การแพทย์ และสุขภาพ
WB115 ต367 ฉ.6 
  Barcode: 038002
ห้องสมุดวิทยาเขตสวรรค์ประชารักษ์
►ส่วนจัดเก็บหนังสือเก่า สปร
บนชั้น
  ขอยืม
8. วิทยาศาสตร์การแพทย์ และสุขภาพ
วิทยาศาสตร์การแพทย์ และสุขภาพ
WB115 ต367 ฉ.7 
  Barcode: 038003
ห้องสมุดวิทยาเขตสวรรค์ประชารักษ์
►ส่วนจัดเก็บหนังสือเก่า สปร
บนชั้น
  ขอยืม
9. วิทยาศาสตร์การแพทย์ และสุขภาพ
วิทยาศาสตร์การแพทย์ และสุขภาพ
WB115 ต367 ฉ.8 
  Barcode: 038004
ห้องสมุดวิทยาเขตสวรรค์ประชารักษ์
►ส่วนจัดเก็บหนังสือเก่า สปร
บนชั้น
  ขอยืม
10. วิทยาศาสตร์การแพทย์ และสุขภาพ
วิทยาศาสตร์การแพทย์ และสุขภาพ
WB115 ต367 ฉ.9 
  Barcode: 038005
ห้องสมุดวิทยาเขตสวรรค์ประชารักษ์
►ส่วนจัดเก็บหนังสือเก่า สปร
บนชั้น
  ขอยืม

รายการใกล้เคียง
    หัวเรื่อง [อายุรศาสตร์]

BibComment


ยังไม่เคยถูกคอมเมนท์

คอมเมนท์ทรัพยากรรายการนี้
  คอมเมนท์: ตำราอายุรศาสตร์ท..


 Copyright 2026. Bcnsprnw @Library